000 00310nam a22001457a 4500
003 SGT
020 _a81-7132-279-4
082 _a633
_bSAT
100 _aSATI, V.P.
245 _aTOURISM DEVELOPMENT IN INDIA
260 _aINDIA
_bPOINTER PUB.
_c2011
300 _a238
650 _aTOURISM
942 _2ddc
_cBK
999 _c28558
_d28558